| 000 | 00512nam a2200205Ia 4500 | ||
|---|---|---|---|
| 003 | LK-CoDNM | ||
| 008 | 010623t1863 xxu||||| |||| 00| 1 eng d | ||
| 040 |
_aLK-CoDNM _dLK-CoDNM _eLK-CoDNM |
||
| 041 | _aeng | ||
| 080 | _aC 32 | ||
| 245 | _aThe Ceylon Observer Centenary Supplement,1834-1934 | ||
| 260 |
_bLake House _aColombo _c1863 |
||
| 300 | _b111p,ill,pl., 33 cm | ||
| 650 | _aColombo | ||
| 650 | _aCompanies | ||
| 650 | _aKandy Perahera | ||
| 650 | _aResidence | ||
| 650 | _aTown Hall | ||
| 942 | _cBK | ||
| 999 |
_c81556 _d81556 |
||